Statistics for Country Pairs

Click here to take the quiz!

General Stats

  • This quiz has been taken 31 times
  • The average score is 6 of 12

Answer Stats

HintAnswer% Correct
Niger
73%
AfricaNigeria
73%
Guinea
68%
AfricaGuinea-Bissau
68%
AfricaZambia
68%
Zimbabwe
68%
AfricaChad
55%
Iran
55%
AsiaIraq
55%
Central African Republic
36%
AfricaCongo D.R
14%
Congo R
14%

Score Distribution

Percentile by Number Answered

Percent of People with Each Score

Your Score History

You have not taken this quiz